Концепции современного естествознания: учебное пособие

Dettagli Bibliografici
Autore principale: Кожевников Н. М. Николай Михайлович
Riassunto:Пособие содержит теоретический материал дисциплины «Концепции современного естествознания», входящей в цикл общих математических и естественнонаучных дисциплин для студентов гуманитарных и экономических направлений и специальностей высших учебных заведений. Структура и содержание пособия соответствуют Государственному образовательному стандарту РФ по этой дисциплине и направлены на формирование у студентов целостного материалистического взгляда на природные явления, происходящие на разных уровнях организации материи. Основное внимание уделяется особенностям проявления динамических, статистических и эволюционных закономерностей в микро-, макро- и мегамире, вопросам нелинейной динамики самоорганизующихся систем, специфике поведения объектов живой природы и человека. Учебное пособие предназначено для студентов гуманитарных направлений и специальностей дневной, вечерней и заочной формы обучения.
Lingua:russo
Pubblicazione: СПб., Лань, 2009
Edizione:4-е изд., испр.
Serie:Учебники для вузов. Специальная литература
Soggetti:
Natura: MixedMaterials Libro
KOHA link:https://koha.lib.tpu.ru/cgi-bin/koha/opac-detail.pl?biblionumber=178830

MARC

LEADER 00000nam0a2200000 4500
001 178830
005 20231101223431.0
010 |a 9785811409792 
035 |a (RuTPU)RU\TPU\book\193847 
090 |a 178830 
100 |a 20100409d2009 m y0rusy50 ca 
101 0 |a rus 
102 |a RU 
105 |a a j 001zy 
200 1 |a Концепции современного естествознания  |e учебное пособие  |f Н. М. Кожевников 
205 |a 4-е изд., испр. 
210 |a СПб.  |c Лань  |d 2009 
215 |a 384 с.  |c ил. 
225 1 |a Учебники для вузов. Специальная литература 
320 |a Библиогр.: с. 369. 
320 |a Предметный указатель: с. 370-374. 
320 |a Именной указатель: с. 375-378. 
330 |a Пособие содержит теоретический материал дисциплины «Концепции современного естествознания», входящей в цикл общих математических и естественнонаучных дисциплин для студентов гуманитарных и экономических направлений и специальностей высших учебных заведений. Структура и содержание пособия соответствуют Государственному образовательному стандарту РФ по этой дисциплине и направлены на формирование у студентов целостного материалистического взгляда на природные явления, происходящие на разных уровнях организации материи. Основное внимание уделяется особенностям проявления динамических, статистических и эволюционных закономерностей в микро-, макро- и мегамире, вопросам нелинейной динамики самоорганизующихся систем, специфике поведения объектов живой природы и человека. Учебное пособие предназначено для студентов гуманитарных направлений и специальностей дневной, вечерней и заочной формы обучения. 
606 1 |a Естествознание  |x Концептуальные основы  |2 stltpush  |3 (RuTPU)RU\TPU\subj\67376  |9 83201 
610 1 |a учебные пособия 
610 1 |a концепции 
610 1 |a культура 
610 1 |a история 
610 1 |a детерминизм 
610 1 |a корпускулярные подходы 
610 1 |a пространство 
610 1 |a время 
610 1 |a природа 
610 1 |a микромир 
610 1 |a химия 
610 1 |a материя 
610 1 |a Вселенная 
610 1 |a эволюция 
610 1 |a звезды 
610 1 |a Земля 
610 1 |a жизнь 
610 1 |a человек 
675 |a 50(075.8)  |v 3 
700 1 |a Кожевников  |b Н. М.  |g Николай Михайлович 
801 1 |a RU  |b 63413507  |c 20100409 
801 2 |a RU  |b 63413507  |c 20150422  |g RCR 
942 |c BK 
959 |a 23/20100408  |d 10  |e 289,96  |f АНЛ:1  |f ЧЗТЛ:1  |f УФ:3  |f Ф_ТПУ_Новокузнецк:5